| 000 | 00382pab a2200145 454500 | ||
|---|---|---|---|
| 008 | 180718b2000 xxu||||| |||| 00| 0 eng d | ||
| 100 | _aLieten, G.K. | ||
| 245 | _aChildren, work and education | ||
| 260 | _c2000 | ||
| 300 | _ap.2037-043; 35(25), 17 Jun 2000, p.2171-178 | ||
| 362 | _a10 Jun | ||
| 650 | _aChild labour | ||
| 773 | _aEconomic and Political Weekly | ||
| 909 | _a45288 | ||
| 999 |
_c45288 _d45288 |
||